Państwa o najwyższej dzietności z wyjątkami - Statystyki

Ogólne statystyki
  • Ten quiz został rozwiązany 1 506 razy
  • Średni wynik to 13 z 22
Statystyki odpowiedzi
Liczba
dzieci na
kobietę
Państwa % Poprawnych
3,3 Pakistan
83%
3,4 Irak
82%
4,5 Afganistan
79%
2,7 Syria
73%
3,6 Jemen
70%
3,1 Tadżykistan
70%
3,0 Kazachstan
68%
2,8 Uzbekistan
68%
2,9 Izrael
66%
2,9 Kirgistan
65%
2,7 Filipiny
64%
2,7 Mongolia
59%
2,7 Jordania
58%
3,1 Papua Nowa Gwinea
50%
3,7 Vanuatu
48%
3,1 Tuvalu
47%
3,2 Kiribati
46%
3,8 Samoa
46%
3,9 Wyspy Salomona
46%
3,2 Tonga
44%
3,0 Timor Wschodni
37%
2,7 Haiti
36%
Nie znaleziono quizów pasujących do podanych kryteriów
Rozkład punktacji
Procent ludzi z każdym wynikiem
Percentyl według liczby udzielonych odpowiedzi
Twoja historia wyników
Nie rozwiązałeś tego quizu